| 000 | 00900cam a2200289 4500 | ||
|---|---|---|---|
| 999 |
_c130146 _d130146 |
||
| 001 | 4612161 | ||
| 003 | ARRUPE | ||
| 005 | 20200121122743.0 | ||
| 008 | 700925s1970 enk b 001 0 eng | ||
| 010 | _a 77016752 | ||
| 015 | _aB*** | ||
| 020 | _a0416136508 | ||
| 040 |
_aDLC _cDLC _dDLC |
||
| 050 | 0 | 0 |
_aPR3596 _b.T7 |
| 082 | 0 | 0 | _a821/.4 |
| 100 | 1 |
_aTreip, Mindele. _948944 |
|
| 245 | 1 | 0 |
_aMilton's punctuation and changing English usage, 1582-1676. _cMindele Treip |
| 260 |
_a[London] _bMethuen _c[1970] |
||
| 300 |
_axiv, 189 p. _c23 cm. |
||
| 350 | _a55/- | ||
| 500 | _a"Distributed in the U.S.A. by Barnes & Noble inc." | ||
| 504 | _aBibliography: p. 181-185. | ||
| 600 | 1 | 0 |
_aMilton, John, _d1608-1674 _xLanguage. _948945 |
| 650 | 0 |
_aEnglish language _yEarly modern, 1500-1700 _xPunctuation. _948946 |
|
| 906 |
_a7 _bcbc _corignew _d2 _encip _f19 _gy-gencatlg |
||
| 942 |
_2lcc _cMONOGRAPH |
||